[Event "Bunratty Masters 2008"]
[Site "Bunratty IRL"]
[Date "2008.02.23"]
[Round "3"]
[White "Svidler, Peter"]
[Black "Williams, Simon"]
[Result "1-0"]
[WhiteTitle "GM"]
[BlackTitle "IM"]
[WhiteElo "2763"]
[BlackElo "2482"]
[WhiteNationality "RUS"]
[BlackNationality "ENG"]
[WhiteFideId "4102142"]
[BlackFideId "404454"]
[PlyCount "39"]
[EventDate "2008.02.22"]
[Source "TWIC 696"]

{ Annotator: Alexander Baburin, <em>Sunday Independent</em>, March 2, 2008
p. 157 (Sports p. 15), and <a href="https://www.icu.ie/games/28840">ICU
games collection</a>. } { Event information: <a
href="https://www.irlchess.com/bunratty2008_allfiles/pairings_bunratty2008.html">Tournament
report</a>. }

1. d4 e6 2. c4 f5 3. g3 Nf6 4. Bg2 Bb4+ 5. Nd2 a5 6. Nf3 b6 7. a3 Be7 8.
Ne5 Ra7 9. e4 Bb7 10. d5 fxe4 11. Nxe4 exd5 12. Nxf6+ Bxf6 13. O-O d4 14.
Bxb7 Rxb7 15. Qh5+ g6 16. Nxg6 hxg6 17. Qxg6+ Kf8 18. Re1 d5 19. Re6 Nd7
20. Bf4 1-0

[Event "Bunratty Masters 2008"]
[Site "Bunratty IRL"]
[Date "2008.02.23"]
[Round "3"]
[White "Thorfinnsson, Bjorn"]
[Black "Jones, Gawain"]
[Result "1/2-1/2"]
[WhiteTitle "FM"]
[BlackTitle "GM"]
[WhiteElo "2364"]
[BlackElo "2562"]
[BlackICU "2481"]
[WhiteNationality "ISL"]
[BlackNationality "ENG"]
[WhiteFideId "2300982"]
[BlackFideId "409561"]
[PlyCount "86"]
[EventDate "2008.02.22"]
[Source "TWIC 696"]
[WhiteFullName "&THORN;orfinnsson, Bj&ouml;rn"]

{ Event information: <a
href="https://www.irlchess.com/bunratty2008_allfiles/pairings_bunratty2008.html">Tournament
report</a>. }

1. d4 Nf6 2. Bg5 e6 3. Nf3 h6 4. Bh4 c5 5. e3 b6 6. c4 cxd4 7. Nxd4 Bb7 8.
Nc3 a6 9. f3 Be7 10. Be2 O-O 11. O-O d5 12. cxd5 Nxd5 13. Bf2 Nc6 14. Nxd5
exd5 15. Nxc6 Bxc6 16. Rc1 Bb7 17. Qb3 b5 18. f4 Rc8 19. Bf3 Rc4 20. Rcd1
Qa8 21. Qd3 Bf6 22. b3 Rc3 23. Qf5 Rd8 24. Rd2 Bc8 25. Qb1 Be6 26. Rfd1 Qc8
27. e4 dxe4 28. Rxd8+ Bxd8 29. Bxe4 Bf6 30. Be1 Rc5 31. Bf2 Bg4 32. Bxc5
Qxc5+ 33. Kh1 Bxd1 34. Qxd1 Qe3 35. Bb7 a5 36. g3 b4 37. Kg2 Bd4 38. Qc2 g5
39. Bd5 Kg7 40. Qf5 Qe2+ 41. Kh3 Bf6 42. fxg5 hxg5 43. Qf3 Qxf3 1/2-1/2

[Event "Bunratty Masters 2008"]
[Site "Bunratty IRL"]
[Date "2008.02.23"]
[Round "3"]
[White "Wolferink, Frans"]
[Black "Quinn, Rory"]
[Result "1-0"]
[WhiteElo "2131"]
[BlackElo "2024"]
[BlackICU "2122"]
[BlackClub "Ennis"]
[WhiteNationality "NED"]
[BlackNationality "IRL"]
[WhiteFideId "1003917"]
[BlackFideId "2501643"]
[PlyCount "69"]
[EventDate "2008.02.22"]
[Source "TWIC 696"]

{ Event information: <a
href="https://www.irlchess.com/bunratty2008_allfiles/pairings_bunratty2008.html">Tournament
report</a>. }

1. e4 Nc6 2. Nf3 e5 3. d4 exd4 4. Bc4 Nf6 5. e5 d5 6. Bb5 Ne4 7. Nxd4 Bc5
8. O-O Bd7 9. Bxc6 bxc6 10. f3 Ng5 11. Be3 O-O 12. f4 Ne4 13. Nd2 Qe7 14.
Nxe4 dxe4 15. Qe2 f6 16. Nb3 Bxe3+ 17. Qxe3 Bf5 18. Nd4 Qd7 19. Rad1 fxe5
20. fxe5 Bg6 21. Qc3 Rad8 22. Rxf8+ Rxf8 23. Qxc6 Rd8 24. Qc5 Qg4 25. Rf1
e3 26. Qc4+ Kh8 27. Qd5 Re8 28. Qf3 h5 29. Qxe3 Rd8 30. Nf3 Bxc2 31. Qg5
Rd5 32. Rc1 Bg6 33. Rxc7 Rd1+ 34. Kf2 Rd2+ 35. Qxd2 1-0

[Event "Bunratty Masters 2008"]
[Site "Bunratty IRL"]
[Date "2008.02.23"]
[Round "4"]
[White "Aoustin, Arnaud"]
[Black "Thorfinnsson, Bjorn"]
[Result "0-1"]
[BlackTitle "FM"]
[WhiteElo "2130"]
[BlackElo "2364"]
[WhiteNationality "FRA"]
[BlackNationality "ISL"]
[WhiteFideId "655805"]
[BlackFideId "2300982"]
[PlyCount "92"]
[EventDate "2008.02.22"]
[Source "TWIC 696"]
[BlackFullName "&THORN;orfinnsson, Bj&ouml;rn"]

{ Event information: <a
href="https://www.irlchess.com/bunratty2008_allfiles/pairings_bunratty2008.html">Tournament
report</a>. }

1. e4 e5 2. Nf3 Nc6 3. Bb5 Nge7 4. d4 exd4 5. Nxd4 d6 6. O-O Bd7 7. Nc3 g6
8. Be3 Bg7 9. Qd2 O-O 10. Rad1 Ne5 11. Be2 Re8 12. h3 N7c6 13. f4 Nxd4 14.
Bxd4 Nc6 15. Bxg7 Kxg7 16. e5 Be6 17. exd6 cxd6 18. Bf3 Qb6+ 19. Kh1 Rad8
20. b3 Qb4 21. Bxc6 bxc6 22. a3 Qb6 23. Ne4 d5 24. Ng3 Bc8 25. Rf3 f6 26.
Rd3 h5 27. c4 h4 28. Nf1 Bf5 29. c5 Qb5 30. Rc3 Be4 31. a4 Qa6 32. Qd4 Qe2
33. Ne3 a5 34. Rd2 Qe1+ 35. Kh2 Rb8 36. Ng4 Rf8 37. Re3 Qb1 38. Nf2 Rb4 39.
Qc3 Qf1 40. Nxe4 dxe4 41. Rd6 Qxf4+ 42. Kg1 Rf7 43. Rxc6 Rd7 44. Re1 Rd3
45. Qb2 Rd2 46. Qc3 Qf2+ 0-1

[Event "Bunratty Masters 2008"]
[Site "Bunratty IRL"]
[Date "2008.02.23"]
[Round "4"]
[White "Cafolla, Peter"]
[Black "O'Shea, Kevin"]
[Result "0-1"]
[WhiteElo "2048"]
[BlackElo "2035"]
[WhiteICU "1976"]
[BlackICU "1923"]
[WhiteClub "Rathmines"]
[BlackClub "Douglas"]
[WhiteNationality "IRL"]
[BlackNationality "IRL"]
[WhiteFideId "2500884"]
[BlackFideId "2501902"]
[PlyCount "52"]
[EventDate "2008.02.22"]
[Source "TWIC 696"]

{ Event information: <a
href="https://www.irlchess.com/bunratty2008_allfiles/pairings_bunratty2008.html">Tournament
report</a>. }

1. c4 c5 2. Nc3 Nc6 3. g3 g6 4. Bg2 Bg7 5. d3 e6 6. e4 Nge7 7. Nge2 O-O 8.
O-O Nd4 9. Rb1 Nxe2+ 10. Nxe2 d5 11. f4 dxc4 12. dxc4 Nc6 13. e5 Nd4 14.
Be3 Nxe2+ 15. Qxe2 Qc7 16. Qf2 Bd7 17. Bxc5 Rfc8 18. Bd6 Qxc4 19. Bxb7 Bc6
20. Bxa8 Bxa8 21. h4 Qe4 22. Qf3 Qxf3 23. Rxf3 Bxf3 24. Kf2 Bd5 25. Ke3 Bf8
26. Bxf8 Kxf8 0-1

[Event "Bunratty Masters 2008"]
[Site "Bunratty IRL"]
[Date "2008.02.23"]
[Round "4"]
[White "Collins, Sam"]
[Black "Wall, Gavin"]
[Result "1-0"]
[WhiteTitle "IM"]
[BlackTitle "IM"]
[WhiteElo "2394"]
[BlackElo "2305"]
[WhiteICU "2368"]
[BlackICU "2287"]
[WhiteClub "Gonzaga"]
[WhiteNationality "IRL"]
[BlackNationality "IRL"]
[WhiteFideId "2501198"]
[BlackFideId "2501244"]
[PlyCount "43"]
[EventDate "2008.02.22"]
[Source "TWIC 696"]

{ Event information: <a
href="https://www.irlchess.com/bunratty2008_allfiles/pairings_bunratty2008.html">Tournament
report</a>. }

1. e4 e5 2. Nf3 d6 3. d4 exd4 4. Nxd4 Nf6 5. Nc3 Be7 6. g3 Bg4 7. f3 Bd7 8.
Be3 O-O 9. Qd2 Re8 10. O-O-O c5 11. Ndb5 Bxb5 12. Nxb5 Nc6 13. Nxd6 Bxd6
14. Qxd6 Qa5 15. Qxc5 Qxa2 16. Qa3 Qe6 17. Rd6 Qe5 18. Bf4 Qh5 19. h4 Rac8
20. Bh3 Na5 21. Bxc8 Nc4 22. Bg4 1-0

[Event "Bunratty Masters 2008"]
[Site "Bunratty IRL"]
[Date "2008.02.23"]
[Round "4"]
[White "Delaney, Killian"]
[Black "Einarsson, Einar Kristinn"]
[Result "0-1"]
[WhiteElo "1984"]
[BlackElo "2067"]
[WhiteICU "2001"]
[WhiteClub "Rathmines"]
[WhiteNationality "IRL"]
[BlackNationality "ISL"]
[WhiteFideId "2501570"]
[BlackFideId "2301105"]
[PlyCount "70"]
[EventDate "2008.02.22"]
[Source "TWIC 696"]

{ Event information: <a
href="https://www.irlchess.com/bunratty2008_allfiles/pairings_bunratty2008.html">Tournament
report</a>. }

1. e4 Nf6 2. e5 Nd5 3. d4 d6 4. c4 Nb6 5. exd6 cxd6 6. Nf3 g6 7. Nc3 Bg7 8.
Be3 O-O 9. Be2 Nc6 10. Rc1 Bg4 11. b3 d5 12. c5 Nc8 13. O-O e6 14. Qd2 N8e7
15. h3 Bxf3 16. Bxf3 Nf5 17. Ne2 Nh4 18. Bg4 h5 19. Bg5 Bf6 20. Bxh4 Bxh4
21. Bf3 Bg5 22. Qd3 Bxc1 23. Rxc1 Qf6 24. Qe3 Rac8 25. g4 hxg4 26. hxg4 b6
27. g5 Qg7 28. cxb6 axb6 29. Nf4 Nxd4 30. Rxc8 Rxc8 31. Bxd5 exd5 32. Nxd5
Nf5 33. Qe4 Qd4 34. Ne7+ Kf8 35. Qxd4 Rc1+ 0-1

[Event "Bunratty Masters 2008"]
[Site "Bunratty IRL"]
[Date "2008.02.23"]
[Round "4"]
[White "Gunnarsson, Jon"]
[Black "Lopez, Alex"]
[Result "0-1"]
[WhiteTitle "IM"]
[BlackTitle "FM"]
[WhiteElo "2429"]
[BlackElo "2346"]
[BlackICU "2335"]
[WhiteNationality "ISL"]
[BlackNationality "IRL"]
[WhiteFideId "2300931"]
[BlackFideId "2501430"]
[PlyCount "70"]
[EventDate "2008.02.22"]
[Source "TWIC 696"]
[WhiteFullName "Gunnarsson, J&oacute;n"]

{ Event information: <a
href="https://www.irlchess.com/bunratty2008_allfiles/pairings_bunratty2008.html">Tournament
report</a>. }

1. e4 c5 2. Nf3 e6 3. d4 cxd4 4. Nxd4 Nf6 5. Nc3 d6 6. Be2 Be7 7. Be3 O-O
8. Qd2 a6 9. g4 Nc6 10. g5 Nd7 11. f4 Nxd4 12. Bxd4 b5 13. a3 Bb7 14. O-O-O
Rc8 15. Rhg1 e5 16. Be3 exf4 17. Bxf4 Nc5 18. Bf3 a5 19. Kb1 b4 20. Nd5
Bxd5 21. Qxd5 bxa3 22. b3 Qb6 23. Bd2 Na4 24. Qxa5 a2+ 25. Ka1 Qd4+ 26. c3
Nxc3 27. Bxc3 Qxc3+ 28. Qxc3 Rxc3 29. Be2 Rxb3 30. Bc4 Rb4 31. Bd5 Rfb8 32.
h4 Bd8 33. Rgf1 Bb6 34. Rxf7 Kh8 35. Rb7 Bd4+ 0-1

[Event "Bunratty Masters 2008"]
[Site "Bunratty IRL"]
[Date "2008.02.23"]
[Round "4"]
[White "Healy, Tom"]
[Black "Fitzsimons, David"]
[Result "0-1"]
[WhiteElo "2016"]
[BlackElo "2147"]
[WhiteICU "1833"]
[BlackICU "2115"]
[BlackClub "Elm Mount"]
[WhiteNationality "IRL"]
[BlackNationality "IRL"]
[WhiteFideId "2501635"]
[BlackFideId "2501961"]
[PlyCount "122"]
[EventDate "2008.02.22"]
[Source "TWIC 696"]

{ Event information: <a
href="https://www.irlchess.com/bunratty2008_allfiles/pairings_bunratty2008.html">Tournament
report</a>. }

1. e4 c5 2. Nf3 Nf6 3. Nc3 d5 4. exd5 Nxd5 5. Nxd5 Qxd5 6. Be2 Nc6 7. O-O
g6 8. d3 Bg7 9. c3 Bf5 10. Qb3 Rd8 11. Qxd5 Rxd5 12. Be3 b6 13. Rfd1 e5 14.
Rd2 Ke7 15. Rad1 Rhd8 16. h3 R5d6 17. Ng5 h6 18. Ne4 R6d7 19. Bf3 Rc7 20.
Ng3 Be6 21. Bxc6 Rxc6 22. f4 exf4 23. Bxf4 g5 24. Be3 f5 25. Ne2 Rcd6 26.
Nc1 f4 27. Bf2 Bf5 28. Re1+ Kf7 29. Rde2 R8d7 30. Kh2 Bxd3 31. Nxd3 Rxd3
32. g3 fxg3+ 33. Bxg3 Rd2 34. Kg2 Kg6 35. Bf2 Rxe2 36. Rxe2 Kf5 37. Bg3 b5
38. Be1 Be5 39. Bg3 Bxg3 40. Kxg3 h5 41. Rf2+ Ke4 42. Re2+ Kd5 43. Rd2+ Kc6
44. Re2 Rd3+ 45. Kg2 Kd6 46. Rf2 c4 47. Rf5 Rd2+ 48. Kf3 g4+ 49. hxg4 hxg4+
50. Kxg4 Rxb2 51. Rf6+ Kc5 52. Ra6 Rc2 53. Rxa7 Rxc3 54. Kf4 Kb4 55. Ke4
Ra3 56. Rc7 Rxa2 57. Kd4 Kb3 58. Rb7 b4 59. Rc7 c3 60. Kd3 Rd2+ 61. Ke3 Kc2
0-1

[Event "Bunratty Masters 2008"]
[Site "Bunratty IRL"]
[Date "2008.02.23"]
[Round "4"]
[White "Heidenfeld, Mark"]
[Black "Cooper, Lawrence"]
[Result "1/2-1/2"]
[WhiteTitle "IM"]
[BlackTitle "IM"]
[WhiteElo "2343"]
[BlackElo "2306"]
[WhiteICU "2382"]
[WhiteClub "Kilkenny"]
[WhiteNationality "IRL"]
[BlackNationality "ENG"]
[WhiteFideId "2500990"]
[BlackFideId "401536"]
[PlyCount "24"]
[EventDate "2008.02.22"]
[Source "TWIC 696"]

{ Event information: <a
href="https://www.irlchess.com/bunratty2008_allfiles/pairings_bunratty2008.html">Tournament
report</a>. }

1. e4 e5 2. Nf3 Nf6 3. Nc3 Nc6 4. d4 exd4 5. Nxd4 Bb4 6. Nxc6 bxc6 7. Bd3
d5 8. exd5 cxd5 9. O-O O-O 10. Bg5 c6 11. Ne2 Bd6 12. h3 h6 1/2-1/2

[Event "Bunratty Masters 2008"]
[Site "Bunratty IRL"]
[Date "2008.02.23"]
[Round "4"]
[White "Johannesson, Ingvar Thor"]
[Black "Baburin, Alexander"]
[Result "0-1"]
[WhiteTitle "FM"]
[BlackTitle "GM"]
[WhiteElo "2338"]
[BlackElo "2542"]
[BlackICU "2556"]
[BlackClub "Kilkenny"]
[WhiteNationality "ISL"]
[BlackNationality "IRL"]
[WhiteFideId "2301490"]
[BlackFideId "2500914"]
[PlyCount "82"]
[EventDate "2008.02.22"]
[Source "TWIC 696"]
[WhiteFullName "J&oacute;hannesson, Ingvar &THORN;or"]

{ Event information: <a
href="https://www.irlchess.com/bunratty2008_allfiles/pairings_bunratty2008.html">Tournament
report</a>. }

1. d4 d5 2. Nf3 Nf6 3. c4 e6 4. g3 dxc4 5. Bg2 a6 6. a4 Nc6 7. O-O Rb8 8.
Nc3 Be7 9. Bf4 Nd5 10. Nxd5 exd5 11. Rc1 O-O 12. b3 b5 13. axb5 axb5 14.
bxc4 bxc4 15. e4 dxe4 16. Nd2 Be6 17. Bxe4 Nxd4 18. Nxc4 Rb4 19. Ne5 c5 20.
Bd2 Rb2 21. Bc3 Ne2+ 22. Kg2 Qxd1 23. Rfxd1 Rb3 24. Nc6 Bg5 25. Bxg7 Kxg7
26. Rxc5 h6 27. h4 Nc3 28. Bc2 Nxd1 29. Bxb3 Bxb3 30. hxg5 Rc8 31. gxh6+
Kxh6 32. Rb5 Ba4 33. Ne7 Rc2 34. Rb4 Rxf2+ 35. Kg1 Ra2 36. Nf5+ Kg6 37. Nd6
Ne3 38. Rf4 f5 39. Nxf5 Nxf5 40. Rf2 Ra3 41. g4 Nd4 0-1

[Event "Bunratty Masters 2008"]
[Site "Bunratty IRL"]
[Date "2008.02.23"]
[Round "4"]
[White "Jones, Gawain"]
[Black "Wolferink, Frans"]
[Result "1-0"]
[WhiteTitle "GM"]
[WhiteElo "2562"]
[BlackElo "2131"]
[WhiteICU "2481"]
[WhiteNationality "ENG"]
[BlackNationality "NED"]
[WhiteFideId "409561"]
[BlackFideId "1003917"]
[PlyCount "37"]
[EventDate "2008.02.22"]
[Source "TWIC 696"]

{ Event information: <a
href="https://www.irlchess.com/bunratty2008_allfiles/pairings_bunratty2008.html">Tournament
report</a>. }

1. e4 g6 2. d4 Bg7 3. Nc3 d6 4. Be3 a6 5. Qd2 Nd7 6. a4 b6 7. f4 Bb7 8. Nf3
c5 9. d5 Ngf6 10. h3 Qc7 11. Bc4 h5 12. O-O O-O 13. f5 gxf5 14. Bh6 fxe4
15. Bxg7 Kxg7 16. Qg5+ Kh7 17. Nxe4 Rg8 18. Nxf6+ Nxf6 19. Bd3+ 1-0

[Event "Bunratty Masters 2008"]
[Site "Bunratty IRL"]
[Date "2008.02.23"]
[Round "4"]
[White "Lyons, Brendan"]
[Black "Griffiths, Ryan-Rhys"]
[Result "0-1"]
[WhiteElo "2115"]
[BlackElo "2039"]
[WhiteICU "1876"]
[BlackICU "1993"]
[WhiteClub "St. Benildus"]
[BlackClub "Kilkenny"]
[WhiteNationality "IRL"]
[BlackNationality "IRL"]
[WhiteFideId "2500698"]
[BlackFideId "2502054"]
[PlyCount "94"]
[EventDate "2008.02.22"]
[Source "TWIC 696"]

{ Event information: <a
href="https://www.irlchess.com/bunratty2008_allfiles/pairings_bunratty2008.html">Tournament
report</a>. }

1. e4 c5 2. f4 d5 3. exd5 Nf6 4. Bb5+ Nbd7 5. c4 a6 6. Bxd7+ Bxd7 7. Nf3 e6
8. Qe2 Be7 9. dxe6 Bxe6 10. O-O Qc7 11. Nc3 O-O-O 12. d3 Bd6 13. Be3 Rhe8
14. Ne4 Nxe4 15. dxe4 Bxf4 16. Bxf4 Qxf4 17. Nd4 Qe5 18. Nxe6 Qxe6 19. Qf2
Rd4 20. Qxf7 Qxe4 21. Rae1 Qxe1 22. Rxe1 Rxe1+ 23. Kf2 Red1 24. Qf8+ Rd8
25. Qxc5+ Kb8 26. Qe5+ Ka8 27. Qxg7 R1d2+ 28. Ke3 h5 29. a4 R2d3+ 30. Ke4
Rd1 31. b4 Re1+ 32. Kf4 Rc1 33. Qg5 Rxc4+ 34. Ke5 Rdc8 35. Qxh5 R8c5+ 36.
bxc5 Rxc5+ 37. Kf4 Rxh5 38. h3 Kb8 39. Kg4 Rh8 40. h4 b5 41. axb5 axb5 42.
h5 b4 43. Kg5 Rg8+ 44. Kh6 Rxg2 45. Kh7 b3 46. h6 b2 47. Kh8 Rh2 0-1

[Event "Bunratty Masters 2008"]
[Site "Bunratty IRL"]
[Date "2008.02.23"]
[Round "4"]
[White "McPhillips, Karl"]
[Black "Short, Stephen"]
[Result "1-0"]
[WhiteElo "2206"]
[BlackElo "2033"]
[WhiteICU "2236"]
[BlackICU "1807"]
[WhiteClub "Kilkenny"]
[WhiteNationality "IRL"]
[BlackNationality "IRL"]
[WhiteFideId "2501503"]
[BlackFideId "2500108"]
[PlyCount "71"]
[EventDate "2008.02.22"]
[Source "TWIC 696"]

{ Event information: <a
href="https://www.irlchess.com/bunratty2008_allfiles/pairings_bunratty2008.html">Tournament
report</a>. }

1. d4 Nf6 2. c4 g6 3. Nc3 Bg7 4. e4 d6 5. Bd3 O-O 6. Nge2 Nc6 7. O-O e5 8.
d5 Ne7 9. Bc2 Nh5 10. Kh1 f5 11. exf5 gxf5 12. f4 Ng6 13. fxe5 Bxe5 14. Nd4
Ng7 15. Nce2 Qh4 16. g3 Qg4 17. Nf4 Qxd1 18. Rxd1 Nxf4 19. Bxf4 Bxf4 20.
gxf4 Re8 21. Rg1 Kf7 22. Rg5 Kf6 23. Rag1 Re7 24. R1g3 c5 25. Nb5 Ne8 26.
Rg8 Re1+ 27. Rg1 Rxg1+ 28. Kxg1 Kf7 29. Rxe8 Kxe8 30. Nc7+ Kd8 31. Nxa8 b6
32. Ba4 Bb7 33. Bc6 Kc8 34. Nxb6+ axb6 35. Bxb7+ Kxb7 36. Kf2 1-0

[Event "Bunratty Masters 2008"]
[Site "Bunratty IRL"]
[Date "2008.02.23"]
[Round "4"]
[White "Orr, Mark J. L."]
[Black "Murphy, Dara"]
[Result "1/2-1/2"]
[WhiteTitle "IM"]
[WhiteElo "2258"]
[BlackElo "1956"]
[WhiteICU "2235"]
[BlackICU "1863"]
[WhiteClub "Wandering Dragons SCO"]
[WhiteNationality "IRL"]
[BlackNationality "IRL"]
[WhiteFideId "2500035"]
[BlackFideId "2501783"]
[PlyCount "68"]
[EventDate "2008.02.22"]
[Source "TWIC 696"]

{ Event information: <a
href="https://www.irlchess.com/bunratty2008_allfiles/pairings_bunratty2008.html">Tournament
report</a>. }

1. d4 Nf6 2. Nf3 g6 3. Bf4 Bg7 4. e3 O-O 5. Be2 Nh5 6. Be5 f6 7. g4 fxe5 8.
gxh5 e4 9. Ng5 d5 10. hxg6 hxg6 11. Bg4 Rf6 12. Nc3 c6 13. h4 Qf8 14. Bxc8
Qxc8 15. Qe2 Qf5 16. Rh2 Bh6 17. O-O-O Nd7 18. Rg1 e5 19. Qg4 Qxg4 20. Rxg4
exd4 21. exd4 Raf8 22. Nd1 Rf4 23. Rgg2 c5 24. Ne3 Bxg5 25. hxg5 cxd4 26.
Nxd5 R4f7 27. Rh4 Rxf2 28. Rxf2 Rxf2 29. Rxe4 Rf1+ 30. Kd2 Rf2+ 31. Ke1
Rxc2 32. Re7 Nc5 33. b4 Nd3+ 34. Kd1 Rxa2 1/2-1/2

[Event "Bunratty Masters 2008"]
[Site "Bunratty IRL"]
[Date "2008.02.23"]
[Round "4"]
[White "Quinn, Rory"]
[Black "Osborne, Sam"]
[Result "1/2-1/2"]
[WhiteElo "2024"]
[BlackElo "1986"]
[WhiteICU "2122"]
[BlackICU "2045"]
[WhiteClub "Ennis"]
[BlackClub "St. Benildus"]
[WhiteNationality "IRL"]
[BlackNationality "IRL"]
[WhiteFideId "2501643"]
[BlackFideId "2501791"]
[PlyCount "55"]
[EventDate "2008.02.22"]
[Source "TWIC 696"]

{ Event information: <a
href="https://www.irlchess.com/bunratty2008_allfiles/pairings_bunratty2008.html">Tournament
report</a>. }

1. e4 c5 2. Nf3 d6 3. c3 Nf6 4. Be2 Qc7 5. O-O e5 6. d4 Be7 7. Bg5 O-O 8.
Nbd2 a6 9. a4 Nc6 10. d5 Na7 11. b4 Bd7 12. h3 Rfc8 13. Qb1 b5 14. a5 Rf8
15. Rc1 c4 16. Nf1 Rae8 17. Ng3 Kh8 18. Rf1 Ng8 19. Be3 g6 20. Qd1 Nc8 21.
Nh2 Bh4 22. Bg4 Nf6 23. Bxd7 Qxd7 24. Qf3 Ng8 25. Qe2 Nce7 26. Nf3 Bf6 27.
Rad1 Bg7 28. Bg5 1/2-1/2

[Event "Bunratty Masters 2008"]
[Site "Bunratty IRL"]
[Date "2008.02.23"]
[Round "4"]
[White "Short, Philip"]
[Black "Quinn, Mark"]
[Result "1/2-1/2"]
[WhiteTitle "FM"]
[BlackTitle "IM"]
[WhiteElo "2300"]
[BlackElo "2403"]
[WhiteICU "2265"]
[BlackICU "2366"]
[BlackClub "Kilkenny"]
[WhiteNationality "IRL"]
[BlackNationality "IRL"]
[WhiteFideId "2500086"]
[BlackFideId "2500450"]
[PlyCount "24"]
[EventDate "2008.02.22"]
[Source "TWIC 696"]

{ Event information: <a
href="https://www.irlchess.com/bunratty2008_allfiles/pairings_bunratty2008.html">Tournament
report</a>. }

1. d4 Nf6 2. Nf3 e6 3. c4 Bb4+ 4. Bd2 Qe7 5. Nc3 b6 6. g3 Bb7 7. Bg2 O-O 8.
O-O Bxc3 9. Bxc3 Ne4 10. Qc2 Nxc3 11. Qxc3 d6 12. Nh4 Bxg2 1/2-1/2

[Event "Bunratty Masters 2008"]
[Site "Bunratty IRL"]
[Date "2008.02.23"]
[Round "4"]
[White "Wijnhoven, Theo"]
[Black "Crichton, Martin"]
[Result "1-0"]
[WhiteElo "1994"]
[BlackElo "2019"]
[WhiteNationality "NED"]
[BlackNationality "IRL"]
[WhiteFideId "1019120"]
[BlackFideId "2500973"]
[PlyCount "63"]
[EventDate "2008.02.22"]
[Source "TWIC 696"]

{ Event information: <a
href="https://www.irlchess.com/bunratty2008_allfiles/pairings_bunratty2008.html">Tournament
report</a>. }

1. e4 c6 2. d4 d5 3. e5 c5 4. c3 Nc6 5. Nf3 Bg4 6. Be2 e6 7. O-O cxd4 8.
Nxd4 Bxe2 9. Qxe2 Nge7 10. Bg5 Qb6 11. Be3 Nxd4 12. Bxd4 Qc6 13. Nd2 Nf5
14. Nb3 Be7 15. g4 Nxd4 16. Nxd4 Qb6 17. a4 O-O 18. f4 Bc5 19. Rad1 Rac8
20. Kh1 Bxd4 21. Rxd4 Rc6 22. f5 Rfc8 23. fxe6 fxe6 24. Qf3 R6c7 25. Rf4
Qc5 26. Rf7 a5 27. g5 Rxf7 28. Qxf7+ Kh8 29. Qxe6 Rf8 30. Rxf8+ Qxf8 31.
Kg2 Qd8 32. h4 1-0

[Event "Bunratty Masters 2008"]
[Site "Bunratty IRL"]
[Date "2008.02.24"]
[Round "5"]
[White "Bjornsson, Gunnar"]
[Black "Heidenfeld, Mark"]
[Result "0-1"]
[BlackTitle "IM"]
[WhiteElo "2149"]
[BlackElo "2343"]
[BlackICU "2382"]
[BlackClub "Kilkenny"]
[WhiteNationality "ISL"]
[BlackNationality "IRL"]
[WhiteFideId "2302039"]
[BlackFideId "2500990"]
[PlyCount "72"]
[EventDate "2008.02.22"]
[Source "TWIC 696"]
[WhiteFullName "Bj&ouml;rnsson, Gunnar"]

{ Event information: <a
href="https://www.irlchess.com/bunratty2008_allfiles/pairings_bunratty2008.html">Tournament
report</a>. }

1. e4 e6 2. d4 d5 3. exd5 exd5 4. Bd3 Nf6 5. Ne2 c5 6. c3 Nc6 7. O-O Be7 8.
dxc5 Bxc5 9. Bg5 h6 10. Bh4 Bd6 11. Bg3 O-O 12. Nd2 Re8 13. Nf3 Bg4 14.
Nfd4 Bxg3 15. hxg3 Nxd4 16. cxd4 Bxe2 17. Bxe2 Qb6 18. Bf3 Qxb2 19. Qd3 Qb6
20. Rab1 Qc6 21. Rfc1 Qd7 22. Rc2 Re7 23. Rbc1 Rae8 24. Qd2 Ne4 25. Qf4 Qa4
26. Rc7 Qxd4 27. Rxe7 Rxe7 28. Bg4 g6 29. Qxh6 Qxf2+ 30. Kh1 Nxg3+ 31. Kh2
Nf1+ 32. Kh1 Re8 33. Be6 Qf6 34. Bxd5 Ng3+ 35. Kh2 Ne2 36. Rd1 Nc3 0-1